书目信息 |
| 题名: |
柏拉图全集
|
|
| 作者: | 柏拉图 著 ;王晓朝 译 | |
| 分册: | 7 | |
| 出版信息: | 北京 人民出版社 2017.04 |
|
| 页数: | 257页 | |
| 开本: | 23cm | |
| 丛书名: | ||
| 单 册: | ||
| 中图分类: | B502.232 | |
| 科图分类: | ||
| 主题词: | 古希腊罗马哲学 | |
| 电子资源: | ||
| ISBN: | 978-7-01-016891-3 | |
| 000 | 01470nam0 2200277 450 | |
| 001 | 0120172208984 | |
| 005 | 20170908105549.96 | |
| 010 | @a978-7-01-016891-3@dCNY40.00 | |
| 100 | @a20170612d2017 em y0chiy50 ea | |
| 101 | 1 | @achi@cgre |
| 102 | @aCN@b110000 | |
| 105 | @ay z 001yy | |
| 106 | @ar | |
| 200 | 1 | @a柏拉图全集@9bo la tu quan ji@h7@dPlatonis opera@h7@f(古希腊)柏拉图著@g王晓朝译@zeng |
| 205 | @a增订版 | |
| 210 | @a北京@c人民出版社@d2017.04 | |
| 215 | @a257页@d23cm | |
| 330 | @a本书是《柏拉图全集》增订本第七册,本册包括泰阿泰德篇、巴门尼德篇、智者篇三篇对话。译者除了对原译文进行逐字逐句的修改外,还做了较大改动有:(1)原版中各篇对话的提要译自伊迪丝·汉密尔顿所撰写的各篇对话短序。本次修订,所有提要均由译者根据本人的研究心得亲自撰写;(2)对柏拉图的疑伪之作16篇做了补译并全部收录;(3)专有名词(人名、地名、族名、神名)有少量改动和增添;哲学概念和术语的译名结合近年来的研究动态有改动,并以注释的方式说明旧译和新译的基本情况。(4)参照已有各种版本的柏拉图著作,重新修改了书中所有注释;(5)参考英文版柏拉图全集索引,重编修订版索引,增加希腊文对照;(6)将原来四卷本拆改为十本小册子,以解决全集篇幅过大问题,便于青年学生购买。 | |
| 333 | @a广大青年学生和理论研究人员 | |
| 510 | 1 | @aPlatonis opera@h7@zeng |
| 606 | 0 | @a古希腊罗马哲学 |
| 690 | @aB502.232@v5 | |
| 701 | 0 | @c(古希腊)@a柏拉图@9bo la tu@c(Platon@f公元前427-前345)@4著 |
| 702 | 0 | @a王晓朝@9wang xiao chao@4译 |
| 801 | 0 | @aCN@b人天书店@c20170612 |
| 905 | @b997656-61@dB502.232@e101:7=2@f6 | |
| 柏拉图全集.7=Platonis opera.7/(古希腊)柏拉图著/王晓朝译.-增订版.-北京:人民出版社,2017.04 |
| 257页;23cm |
| 使用对象:广大青年学生和理论研究人员 |
| ISBN 978-7-01-016891-3:CNY40.00 |
| 本书是《柏拉图全集》增订本第七册,本册包括泰阿泰德篇、巴门尼德篇、智者篇三篇对话。译者除了对原译文进行逐字逐句的修改外,还做了较大改动有:(1)原版中各篇对话的提要译自伊迪丝·汉密尔顿所撰写的各篇对话短序。本次修订,所有提要均由译者根据本人的研究心得亲自撰写;(2)对柏拉图的疑伪之作16篇做了补译并全部收录;(3)专有名词(人名、地名、族名、神名)有少量改动和增添;哲学概念和术语的译名结合近年来的研究动态有改动,并以注释的方式说明旧译和新译的基本情况。(4)参照已有各种版本的柏拉图著作,重新修改了书中所有注释;(5)参考英文版柏拉图全集索引,重编修订版索引,增加希腊文对照;(6)将原来四卷本拆改为十本小册子,以解决全集篇幅过大问题,便于青年学生购买。 |
| ● |
| 相关链接 |
|
|
|
|
正题名:柏拉图全集
索取号:B502.232/101:7=2
 
预约/预借
| 序号 | 登录号 | 条形码 | 馆藏地/架位号 | 状态 | 备注 |
| 1 | 997656 | 209976560 | 第一样本阅览室/ [索取号:B502.232/101:7=2] | 在馆 | |
| 2 | 997657 | 209976579 | 密集书库-史法系/ [索取号:B502.232/101:7=2] | 在馆 | |
| 3 | 997658 | 209976588 | 第一借阅区/ [索取号:B502.232/101:7=2] | 在馆 | |
| 4 | 997659 | 209976597 | 第一借阅区/ [索取号:B502.232/101:7=2] | 在馆 | |
| 5 | 997660 | 209976604 | 第一借阅区/ [索取号:B502.232/101:7=2] | 在馆 | |
| 6 | 997661 | 209976613 | 第一借阅区/ [索取号:B502.232/101:7=2] | 在馆 |